| 000 | 00499nam a2200181Ia 4500 | ||
|---|---|---|---|
| 001 | 10847 | ||
| 005 | 20260306161902.0 | ||
| 008 | 260306t2011||||xx |||||||||||||| ||spa|| | ||
| 041 | _aESP | ||
| 082 |
_a974.8 _bH19 |
||
| 100 |
_aHamnett, Brian R. _eAUT |
||
| 245 | 0 |
_aRevolución y contrarrevolución en México y el Perú: _bliberales, realistas y separatistas (1800-1824) |
|
| 260 | _c2011 | ||
| 300 |
_a426 páginas : _c23 cm. |
||
| 650 | _aGEN | ||
| 654 | _aCHU | ||
| 942 |
_cLIB _dJUS _fJUS _2ddc _n |
||
| 999 |
_c10847 _d10847 |
||